[Event "Rheinland Pfalz Seniors op"]
[Site "Altenkirchen"]
[Date "2023.09.09"]
[Round "5"]
[White "Vlaeyens, Manu"]
[Black "Dorn, Hans Juergen"]
[Result "0-1"]
[WhiteElo "1390"]
[BlackElo "1741"]
[PlyCount "138"]
[EventDate "2023.09.05"]
[EventType "swiss"]
[EventRounds "9"]
[EventCountry "GER"]
[SourceTitle "EXT 2024"]
[Source "ChessBase"]
[SourceDate "2023.10.10"]
[SourceVersion "1"]
[SourceVersionDate "2023.10.10"]
[SourceQuality "1"]

1. d4 e6 2. Nf3 c5 3. c3 Nf6 4. Bg5 Be7 5. Nbd2 cxd4 6. cxd4 0-0 7. e3 b6 8. Bd3 Bb7 9. 0-0 d6 10. e4 Nbd7 11. Re1 e5 12. Rc1 Rc8 13. Rxc8 Qxc8 14. Nb3 Qa8 15. d5 Qd8 16. Nfd2 Nxd5 17. Bxe7 Nxe7 18. Nc4 Nf6 19. Qd2 Ng6 20. f3 Qe7 21. Qe3 Nd7 22. Nbd2 Nc5 23. Bb1 Ne6 24. Nb3 Ba6 25. Ncd2 Nc5 26. Nc1 Rc8 27. Nf1 Qc7 28. Qd2 Ne6 29. Nb3 Qd7 30. Ne3 Ne7 31. Bd3 Bxd3 32. Qxd3 Nc5 33. Qd1 Nxb3 34. Qxb3 Qc6 35. Rd1 Kf8 36. Qb4 Rd8 37. Kf1 Ke8 38. Nc4 Nc8 39. Ne3 Qc5 40. Qd2 Ne7 41. Rc1 Qb5+ 42. Ke1 Rc8 43. Rxc8+ Nxc8 44. Nf5 Qc5 45. Kf1 g6 46. Ne3 Ne7 47. Ng4 Ng8 48. Ne3 h5 49. Nd5 Kd7 50. Qc3 Qxc3 51. bxc3 Ne7 52. Ne3 Kc6 53. c4 Kc5 54. Ke2 Kb4 55. Nc2+ Kxc4 56. Kd2 Nc6 57. Na3+ Kb4 58. Nc2+ Ka4 59. Kc3 Nd4 60. Nb4 Ka3 61. h3 a5 62. Nd5 b5 63. Nb6 b4+ 64. Kd3 Kxa2 65. Nc4 a4 66. f4 f6 67. fxe5 dxe5 68. Nb6 a3 69. Na4 b3 0-1

[Event "Altenkirchen Seniors op 19th"]
[Site "Altenkirchen"]
[Date "2022.07.20"]
[Round "2"]
[White "Dorn, Hans Juergen"]
[Black "Hehemann, Hein Peter"]
[Result "1-0"]
[WhiteElo "1745"]
[BlackElo "1478"]
[PlyCount "97"]
[EventDate "2022.07.19"]
[EventType "swiss"]
[EventRounds "9"]
[EventCountry "GER"]
[SourceTitle "CBM 209 Extra"]
[Source "ChessBase"]
[SourceDate "2022.09.30"]
[SourceVersion "1"]
[SourceVersionDate "2022.09.30"]
[SourceQuality "1"]

1. d4 d5 2. Nf3 Nf6 3. e3 e6 4. Bd3 c5 5. c3 Nc6 6. Nbd2 cxd4 7. exd4 Bd6 8. 0-0 0-0 9. Re1 Qc7 10. Nf1 b6 11. Qe2 Bb7 12. Ne5 Qc8 13. Bg5 Ne8 14. Qh5 f5 15. Re3 Nf6 16. Bxf6 Rxf6 17. f4 Qe8 18. Qg5 Be7 19. Qg3 Nxe5 20. Rxe5 Rg6 21. Qf2 Bd6 22. Re3 Rg4 23. Rf3 Qb8 24. g3 Qd8 25. Kh1 Qf6 26. Re1 Re8 27. Rfe3 Bc8 28. Be2 Rf8 29. Bxg4 fxg4 30. Qe2 h5 31. Rxe6 Bxe6 32. Qxe6+ Qxe6 33. Rxe6 Rf6 34. Rxf6 gxf6 35. Ne3 Kf7 36. Nxd5 h4 37. Kg2 h3+ 38. Kf2 Ke6 39. Ne3 f5 40. Nc4 Bb8 41. Ne5 Kd6 42. Ke3 Kd5 43. c4+ Kd6 44. d5 a6 45. b4 Bc7 46. Nf7+ Ke7 47. d6+ Bxd6 48. Nxd6 Kxd6 49. Kd4 1-0

[Event "Altenkirchen Seniors op 19th"]
[Site "Altenkirchen"]
[Date "2022.07.19"]
[Round "1"]
[White "Zunker, Reinhard"]
[Black "Dorn, Hans Juergen"]
[Result "1-0"]
[WhiteElo "2022"]
[BlackElo "1745"]
[PlyCount "55"]
[EventDate "2022.07.19"]
[EventType "swiss"]
[EventRounds "9"]
[EventCountry "GER"]
[SourceTitle "CBM 209 Extra"]
[Source "ChessBase"]
[SourceDate "2022.09.30"]
[SourceVersion "1"]
[SourceVersionDate "2022.09.30"]
[SourceQuality "1"]

1. e4 d5 2. exd5 Qxd5 3. Nc3 Qd6 4. d4 Nf6 5. Nf3 Bg4 6. h3 Bh5 7. g4 Bg6 8. Ne5 e6 9. Bf4 Qd8 10. Bg2 c6 11. 0-0 Nd5 12. Nxd5 cxd5 13. c4 Be7 14. Qa4+ Kf8 15. Qb5 Nc6 16. Rad1 Nxe5 17. dxe5 d4 18. Be3 d3 19. c5 Rb8 20. Qc4 h5 21. Be4 Bxe4 22. Qxe4 hxg4 23. Rxd3 Qc7 24. hxg4 Rc8 25. Rfd1 Rh4 26. Rd7 Qc6 27. Qxc6 Rxg4+ 28. Qg2 1-0

[Event "RLP Seniors op 17th"]
[Site "Neustadt an der Weinstrasse"]
[Date "2019.07.25"]
[Round "6"]
[White "Blosze, Winfried"]
[Black "Dorn, Hans Juergen"]
[Result "1/2-1/2"]
[WhiteElo "1911"]
[BlackElo "1716"]
[PlyCount "74"]
[EventDate "2019.07.20"]
[EventType "swiss"]
[EventRounds "9"]
[EventCountry "GER"]
[SourceTitle "CBM 192 Extra"]
[Source "Chessbase"]
[SourceDate "2019.11.06"]
[SourceVersion "1"]
[SourceVersionDate "2019.11.06"]
[SourceQuality "1"]

1. e4 d5 2. exd5 Qxd5 3. Nc3 Qd6 4. g3 Nf6 5. Bg2 c6 6. d3 Bf5 7. Bf4 Qd8 8. Nf3 e6 9. a3 Be7 10. Qd2 Nd5 11. Nxd5 cxd5 12. Nd4 Bg6 13. 0-0 a6 14. Rfe1 0-0 15. Qe2 Nc6 16. Nxc6 bxc6 17. d4 Bd6 18. Bxd6 Qxd6 19. c3 Rfb8 20. b4 a5 21. h4 h6 22. h5 Bh7 23. Qd2 Kf8 24. g4 Qd8 25. Qf4 Rb7 26. Rxe6 axb4 27. cxb4 Rxb4 28. Rae1 Rb6 29. Re8+ Qxe8 30. Qd6+ Kg8 31. Rxe8+ Rxe8 32. Kh2 Be4 33. Bxe4 dxe4 34. Qd7 Reb8 35. Qe7 Rb3 36. Qxe4 Rxa3 37. Qxc6 Rd8 1/2-1/2

[Event "RLP Seniors op 17th"]
[Site "Neustadt an der Weinstrasse"]
[Date "2019.07.23"]
[Round "4"]
[White "Schwertel, Johann"]
[Black "Dorn, Hans Juergen"]
[Result "1-0"]
[WhiteElo "1910"]
[BlackElo "1716"]
[PlyCount "63"]
[EventDate "2019.07.20"]
[EventType "swiss"]
[EventRounds "9"]
[EventCountry "GER"]
[SourceTitle "CBM 192 Extra"]
[Source "Chessbase"]
[SourceDate "2019.11.06"]
[SourceVersion "1"]
[SourceVersionDate "2019.11.06"]
[SourceQuality "1"]

1. d4 d5 2. Nf3 Nf6 3. Bf4 c5 4. e3 e6 5. c3 Nc6 6. Nbd2 Bd6 7. Bg5 Be7 8. Bd3 0-0 9. 0-0 cxd4 10. exd4 Qc7 11. Bh4 h6 12. Re1 Nd7 13. Bg3 Bd6 14. Nf1 Re8 15. Bc2 Bxg3 16. Nxg3 Nf8 17. Ne5 Nxe5 18. Rxe5 f6 19. Re3 Re7 20. Qd2 Bd7 21. Rae1 Be8 22. Nf5 Rf7 23. Nh4 f5 24. Nf3 Rf6 25. Ne5 Nd7 26. f4 Nxe5 27. Rxe5 Qd7 28. Qe2 Rg6 29. Rxe6 Rxe6 30. Qxe6+ Qxe6 31. Rxe6 Kf7 32. Re5 1-0

[Event "RLP Seniors op 17th"]
[Site "Neustadt an der Weinstrasse"]
[Date "2019.07.21"]
[Round "2"]
[White "Hetzer, Margarete"]
[Black "Dorn, Hans Juergen"]
[Result "0-1"]
[WhiteElo "1375"]
[BlackElo "1716"]
[PlyCount "72"]
[EventDate "2019.07.20"]
[EventType "swiss"]
[EventRounds "9"]
[EventCountry "GER"]
[SourceTitle "CBM 192 Extra"]
[Source "Chessbase"]
[SourceDate "2019.11.06"]
[SourceVersion "1"]
[SourceVersionDate "2019.11.06"]
[SourceQuality "1"]

1. Nf3 d5 2. d4 Nf6 3. g3 e6 4. Bg2 Be7 5. 0-0 0-0 6. Nbd2 c5 7. c4 cxd4 8. Nxd4 Nc6 9. e3 Nxd4 10. exd4 dxc4 11. Nxc4 Nd5 12. Re1 Bf6 13. b3 a6 14. Bb2 Rb8 15. Ne5 Qd6 16. Be4 b5 17. Bxh7+ Kxh7 18. Re4 g6 19. Qg4 Kg7 20. Qh3 Rh8 21. Rh4 Bxh4 22. gxh4 Rb7 23. Re1 Qe7 24. Re4 f5 25. Re1 Qxh4 26. Qg3 g5 27. Bc1 Nf4 28. Bxf4 Qxf4 29. Re3 Qxg3+ 30. Rxg3 Kf6 31. f3 Rbh7 32. Rg2 Bb7 33. Rd2 Rh3 34. Rf2 R8h4 35. Kg2 Rxh2+ 36. Kg3 f4# 0-1

[Event "GER-ch Seniors 65"]
[Site "Hamburg"]
[Date "2018.07.26"]
[Round "6"]
[White "Wiebke, Elfriede"]
[Black "Dorn, Hans Juergen"]
[Result "0-1"]
[WhiteElo "1223"]
[BlackElo "1667"]
[PlyCount "86"]
[EventDate "2018.07.21"]
[EventType "swiss"]
[EventRounds "9"]
[EventCountry "GER"]
[SourceTitle "CBM 186 Extra"]
[Source "ChessBase"]
[SourceDate "2018.08.24"]
[SourceVersion "1"]
[SourceVersionDate "2018.08.24"]
[SourceQuality "1"]

1. e4 d5 2. exd5 Qxd5 3. Nf3 Nf6 4. Nc3 Qd6 5. h3 c6 6. Be2 e6 7. 0-0 Be7 8. d4 0-0 9. Bd3 Nbd7 10. Bg5 h6 11. Bxf6 Nxf6 12. Re1 Rd8 13. Ne4 Qb4 14. Rb1 Qb6 15. c3 Bd7 16. Ne5 Be8 17. Qf3 Qc7 18. Nxf6+ Bxf6 19. Qe4 c5 20. Qh7+ Kf8 21. Qh8+ Ke7 22. Qh7 cxd4 23. Qe4 dxc3 24. Qb4+ Qd6 25. Qxb7+ Kf8 26. bxc3 Bxe5 27. Qb4 Qxb4 28. cxb4 Rxd3 29. Rxe5 Rad8 30. b5 Rd1+ 31. Rxd1 Rxd1+ 32. Kh2 Rd5 33. Re3 Bxb5 34. Rc3 a6 35. a3 Rd3 36. Rc8+ Ke7 37. Rc7+ Kf6 38. f3 Rxa3 39. Kg3 Ra2 40. h4 Bf1 41. f4 Rxg2+ 42. Kf3 Rb2 43. Rc6 Bg2+ 0-1